| 000 | 00981nam a2200277 4500 | ||
|---|---|---|---|
| 003 | OSt | ||
| 005 | 20260530113921.0 | ||
| 008 | 260520b1983 mx a|||| |||| 00| 0 esp d | ||
| 040 |
_aICI _bspa _cICI |
||
| 041 | _aspa | ||
| 050 |
_aNA2255.M4 _bP73 1983 |
||
| 100 | _eautor | ||
| 245 | _aLa práctica de la arquitectura y su enseñanza en México | ||
| 264 |
_aMéxico : _bUniversidad Autónoma Metropolitana, _c1983 |
||
| 300 |
_a64 páginas : _bilustraciones |
||
| 336 |
_2rdacontent _atexto |
||
| 337 |
_2rdamedia _asin medio |
||
| 338 |
_2rdacarrier _avolumen |
||
| 490 |
_aDiseño UAM ; _v3 |
||
| 500 | _aPublicación académica sobre la práctica profesional y enseñanza de la arquitectura en México. | ||
| 650 | 0 |
_aArquitectura _xEstudio y enseñanza _zMéxico _934678 |
|
| 650 | 0 |
_aArquitectos _xFormación profesional _zMéxico _934679 |
|
| 650 | 0 |
_aArquitectura mexicana _ySiglo XX _934680 |
|
| 650 | 0 |
_aDiseño arquitectónico _xEnseñanza _934681 |
|
| 942 |
_2lcc _n1 _cBK |
||
| 999 |
_c12460 _d12460 |
||